Statistics for Under- Vocabulary Words

Click here to take the quiz!

General Stats

  • This quiz has been taken 360 times
  • The average score is 13 of 20

Answer Stats

definitionword% Correct
Not old enoughUnderage
92%
Clothes worn next to the skin, beneath outer layersUnderwear
92%
London's answer to subwaysUnderground
90%
What Hades and Lucifer inhabitUnderworld
85%
The actor who replaces an ill oneUnderstudy
78%
ComprehensionUnderstanding
77%
Smaller shrubs and plants in a forestUndergrowth
74%
A part of this clueUnderline
74%
Anorexia will produce this sort of personUnderweight
70%
To subvert authorityUndermine
69%
Area of the body; a famously dubious cricket bowling actionUnderarm
58%
Strong current - swimmers beware!Undertow
58%
To price aggressivelyUndercut
54%
To be subjected to; endure; sufferUndergo
54%
Sneaky, deviousUnderhand
53%
Person who insures, or guarantees financiallyUnderwriter
48%
Hidden underside - often referring to a vulnerable areaUnderbelly
44%
____ world of Jacques CousteauUndersea
43%
Give strength or support toUnderpin
23%
To be the foundation of; be placed beneathUnderlie
15%

Score Distribution

Percentile by Number Answered

Percent of People with Each Score

Your Score History

You have not taken this quiz